00161nam a2200061Ia 4500008004100000100002200041245003600063120527s9999 xx 000 0 und d aNorusis, J. Manja aSPSS 6.1 guide to Data analysis